A guide to oriental classics
Wedi'i Gadw mewn:
| Prif Awdur: | |
|---|---|
| Fformat: | Llyfr |
| Iaith: | Undetermined |
| Cyhoeddwyd: |
New York
Columbia Univ
1989
|
| Pynciau: | |
| Tagiau: |
Ychwanegu Tag
Dim Tagiau, Byddwch y cyntaf i dagio'r cofnod hwn!
|
| Thư viện lưu trữ: | Trung tâm Học liệu Trường Đại học Cần Thơ |
|---|
| LEADER | 00630nam a2200193Ia 4500 | ||
|---|---|---|---|
| 001 | CTU_17883 | ||
| 008 | 210402s9999 xx 000 0 und d | ||
| 020 | |b Harvard-Yenching Institute | ||
| 082 | |a 016.89 | ||
| 082 | |b G946 | ||
| 100 | |a Committee on Oriental Studies | ||
| 245 | 2 | |a A guide to oriental classics | |
| 245 | 0 | |c Committee on Oriental Studies, Columbia University | |
| 260 | |a New York | ||
| 260 | |b Columbia Univ | ||
| 260 | |c 1989 | ||
| 650 | |a oriental literature - bibliography,oriental literature - outlines, syllabi, etc | ||
| 904 | |i Minh, 970811 | ||
| 980 | |a Trung tâm Học liệu Trường Đại học Cần Thơ | ||